000 00643nam a2200265Ia 4500
005 20260121172847.0
008 008 260114s9999 xx 000 0 eng d
020 _a9783030846732
037 _aEBOOK
040 _aCRL
040 _beng
040 _cCRL
041 _2eng
041 _aeng
084 _qCRL
100 _ael-Sayed el-Aswad
_91093644
245 0 _aCountering Islamophobia in North America
260 _bSpringer
260 _bSpringer
260 _c2021
856 _uhttps://link.springer.com/openurl?genre=book&isbn=978-3-030-84673-2
942 _cEBOOK
999 _c1659386
_d1659386